Getting biodiversity projects to work : towards more effective conservation and development

Αποθηκεύτηκε σε:
Λεπτομέρειες βιβλιογραφικής εγγραφής
Άλλοι συγγραφείς: McShane, Thomas O. (Επιμελητής έκδοσης), Wells, Michael P. (Επιμελητής έκδοσης)
Μορφή: Βιβλίο
Γλώσσα:English
Δημοσίευση: New York : Columbia University Press, c2004
Σειρά:Biology and resource management in the tropics series
Θέματα:
Ετικέτες: Προσθήκη ετικέτας
Δεν υπάρχουν, Καταχωρήστε ετικέτα πρώτοι!

MARC

LEADER 00000nam a2200000 i 4500
001 1/79542
008 080331s2004 eng d
020 |a 0-231-12765-0 (pbk) 
035 |l 10095990 
040 |a GR-MY-UA  |b gre  |e aacr 
041 0 |a eng 
082 0 |a 333.9516  |2 (22) 
245 1 0 |a Getting biodiversity projects to work :  |b towards more effective conservation and development /  |c edited by Thomas O. McShane and Michael P. Wells 
260 |a New York :   |b Columbia University Press,   |c c2004 
300 |a xviii, 442 σ.;  |b πίν., σχέδια, χάρτες;  |c 23 εκ. 
490 1 |a Biology and resource management series 
504 |a Βιβλιογραφία: σ. 418-421 
504 |a Ευρετήριο: σ. [423]-442 
650 0 0 |a Biodiversity conservation. 
650 0 0 |a Sustainable development. 
650 0 0 |a Conservation projects (Natural resources) 
700 1 |a McShane, Thomas O.  |4 edt 
700 1 |a Wells, Michael P.  |4 edt 
830 0 |a Biology and resource management in the tropics series 
852 |a INST  |b LESVOS  |e 20080331  |h 333.9516 GET  |p 005100038698  |q 005100038698  |t BK  |y 0 
901 |a BIBL1-2008-1 
909 |a Λ  |b 142618 
922 |a 1ΕΛΗ  |b 200712  |c ΕΠΕΑΕΚ2/ΤΠ  |d ΕΛΕΥΘΕΡΟΥΔΑΚΗΣ 
970 |a ΓΙΑΛΑΜΑ  |b ΜΑΡΙΑ  |z 2008/03/31